|
|
|
|
| LEADER |
00681nam a22001932a 4500 |
| 001 |
000260982 |
| 003 |
CZ BrMZK |
| 005 |
19980105143423.0 |
| 007 |
ta |
| 008 |
980105s1940 xr f cze d |
| 040 |
|
|
|a BOA001
|b cze
|
| 100 |
1 |
|
|a Pešák, Václav,
|d 1899-1979
|7 jk01092628
|
| 245 |
1 |
0 |
|a Panství rodu Smiřických v letech 1609-1618
|
| 260 |
|
|
|a Praha,
|c 1940
|
| 490 |
1 |
|
|a Sborník archivu ministerstva vnitra Republiky Československé ;
|v sv. 13
|
| 830 |
|
0 |
|a Sborník archivu ministerstva vnitra Republiky Československé
|
| 910 |
|
|
|a BOA001
|b 2-0099.576,13
|
| 990 |
|
|
|a BK
|
| 996 |
7 |
|
|b 2619876078
|c 2-0099.576,13
|l MZK
|r Sklad / do 24 hodin
|n 11
|w 000260982
|u 000010
|a 1
|e BOA001
|j MZK50
|s A
|